000 00480nmm a2200133 a 4500
001 ASINB00EAFF1XW
005 20140910172856.0
008 140909s1987 xxu eng d
100 1 _aFair Weather, Virginia.
245 1 0 _aCivil engineering :
_bfrom the rubble reform /
_cVirginia Fir Weather.
260 _aNew York :
_bAmerican Society of Civil Engineering ,
_c1988.
300 _a114 p.
856 4 0 _3Amazon.com
_uhttp://www.amazon.com/exec/obidos/ASIN/B00EAFF1XW/chopaconline-20
999 _c9712
_d9712